[Event "Jakarta Makita Lakoni"]
[Site "Jakarta"]
[Date "2004.02.19"]
[Round "4"]
[White "Stefanova, Antoaneta"]
[Black "Juswanto, Denny"]
[Result "1-0"]
[WhiteElo "2478"]
[BlackElo "2505"]
[Annotator "Finkel,A"]
[PlyCount "85"]
[EventDate "2004.02.16"]
[EventType "tourn"]
[EventRounds "10"]
[EventCountry "INA"]
[EventCategory "10"]
[SourceTitle "CBM 100"]
[Source "ChessBase"]
[SourceDate "2004.06.01"]
[SourceVersion "1"]
[SourceVersionDate "2004.06.01"]
[SourceQuality "1"]

1. d4 Nf6 2. Bg5 Ne4 3. Bf4 d5 4. e3 c5 5. Bd3 Nd6 {Black has quite a few
reasonable ways to meet this line, so I see no point in 5...Nd6.} (5... Nf6) 6.
dxc5 Qa5+ 7. Nc3 (7. Nd2 Qxc5 8. Nb3 Qb6 9. Qh5 e6 10. Nf3 Nd7 11. O-O Nf6 12.
Qh4 Bd7 $13 {Gerstner,W-Alber,H/Baden 1999}) 7... Nc4 (7... Qxc5 8. Bxd6 exd6 (
8... Qxd6 9. Bb5+ Bd7 10. Qxd5 $16) 9. Bb5+ Nc6 10. Qxd5 Qb6 11. Nge2 $16 {
Mensch,E-Claverie,C/Mulhouse 2000}) 8. Nge2 Nc6 $6 {After this move black is
in serious troubles.} (8... Qxc5 9. b3 Nb6 10. Nb5 Na6 11. O-O f6 12. a3 e5
$132) 9. Bxc4 dxc4 10. Nd4 Bd7 (10... Qxc5 11. Ndb5 $18) 11. Qh5 $1 $16 {
Very simple and at the same time very strong.} g6 (11... e6 12. Ndb5 Ne5 13.
Bxe5 Bxb5 14. O-O-O Bc6 15. Bd6 $16) 12. Qd5 $1 {Going after another black
pawn.} Bg7 13. O-O-O (13. O-O e5 $2 14. Bh6 $1 Bxh6 15. Nxc6 Bxc6 16. Qxe5+ $18
) 13... Rd8 (13... Nxd4 14. exd4 Bc6 15. Qxc4 Bxg2 16. Rhe1 $16) 14. Qxc4 Nxd4
15. exd4 O-O 16. Rhe1 b5 17. cxb6 axb6 18. Rxe7 $18 {The rest is just a matter
of technique.} Qf5 (18... Be6 19. Qb5 Rxd4 20. Qxa5 bxa5 21. Rxd4 Bxd4 22. Ne4
$18) 19. g3 b5 20. Qb4 Rc8 21. Re2 Qh5 22. Red2 Rfe8 23. h4 Bf8 24. Qb3 Rc4 25.
a3 Qf3 26. Kb1 Qb7 27. d5 Rec8 (27... Bg7 28. Na2) 28. Be3 Bg7 29. Bd4 Bxd4 30.
Rxd4 Qb6 31. Rxc4 Rxc4 32. Rd2 Qc5 33. Nd1 b4 34. Ne3 Re4 35. Qd3 Bf5 36. axb4
Qxb4 37. Nxf5 Re1+ 38. Rd1 gxf5 39. d6 Qe4 40. Qd2 Re2 41. Qc3 Qe8 42. d7 Qd8
43. Qc8 1-0

[Event "Breizh Masters 2nd"]
[Site "Guingamp"]
[Date "2004.02.20"]
[Round "9"]
[White "Le Roux, Jean Pierre"]
[Black "Istratescu, Andrei"]
[Result "1/2-1/2"]
[WhiteElo "2480"]
[BlackElo "2590"]
[Annotator "Finkel,A"]
[PlyCount "180"]
[EventDate "2004.02.12"]
[EventType "tourn"]
[EventRounds "10"]
[EventCountry "FRA"]
[EventCategory "11"]
[SourceTitle "CBM 100"]
[Source "ChessBase"]
[SourceDate "2004.06.01"]
[SourceVersion "1"]
[SourceVersionDate "2004.06.01"]
[SourceQuality "1"]

1. d4 Nf6 2. Bg5 Ne4 3. Bf4 d5 4. e3 c6 5. Bd3 Nd6 (5... Bf5 $2 6. f3 Nd6 7.
Bxd6 Bxd3 8. Bxb8 $18) (5... Nf6 6. c4 Be6 7. Nd2 dxc4 8. Nxc4 Bxc4 9. Bxc4 e6
10. Nf3 Bb4+ 11. Ke2 Bd6 12. Bxd6 Qxd6 13. Qb3 Nbd7 $11 {Torre,E-Hort,V/Bad
Homburg 1998}) (5... Nd7 6. Bxe4 dxe4 7. Nc3 Nf6 8. Be5 Bg4 9. Qd2 Nd7 10. Nxe4
Nxe5 11. dxe5 Qb6 $44 {Minasian,A-Gligoric,S/Panormo 1998}) 6. Nf3 (6. Nd2 Nd7
7. Bxd6 exd6 8. Ngf3 Nf6 9. h3 Be7 10. O-O O-O 11. c3 Re8 12. Re1 Bf8 $11 {
Moskovich,D-Gruenfeld,Y/Ramat Aviv 2000}) 6... Bg4 7. Nbd2 e6 8. c3 Nd7 9. Qc2
Bh5 {Intending to trade the bishops on g6.} (9... Bf5 10. Bxf5 Nxf5 11. e4 dxe4
12. Nxe4 Nh4 13. Nxh4 Qxh4 14. Bg3 $14) 10. O-O Bg6 11. Rae1 {White is playing
without a clear plan, which is a very dangerous thing regardless of the
position.} (11. c4 Be7 12. c5 Bxd3 13. Qxd3 Nf5 14. h3 O-O 15. b4 $14) 11...
Be7 12. Bxg6 hxg6 13. c4 (13. b3 f5 (13... g5 14. Nxg5 Bxg5 15. Bxd6 $16) 14.
Ng5 Bxg5 15. Bxd6 Be7 16. Bxe7 Qxe7 $13) 13... Nxc4 14. Nxc4 dxc4 15. Qxc4 Nb6
16. Qc2 Bd6 17. Ne5 (17. Bg3 Bxg3 18. fxg3 Nd7 19. e4 $13) 17... Qc7 18. Rc1
Nd7 19. Qe4 f5 {Black doesn't want to force things.} (19... g5 20. Bxg5 Nxe5
21. dxe5 Bxe5 22. Bf4 Bxf4 23. exf4 O-O-O $15) 20. Qc2 Nxe5 21. dxe5 Be7 (21...
Bxe5 22. Qb3 Bxf4 23. Qxe6+ Kf8 24. exf4 Qxf4 25. h3 Re8 26. Qb3 Re7 27. Rcd1
Qc7 28. Rd2 $44) 22. Rfd1 Kf7 23. e4 Rad8 (23... Rh4 24. g3 (24. Bg3 Rxe4 25.
a3 Rd8 $17) 24... Rh3 25. exf5 gxf5 26. g4 $132) 24. exf5 gxf5 25. Qxf5+ exf5
26. e6+ Kxe6 27. Bxc7 Rxd1+ 28. Rxd1 Bf6 29. b3 Rc8 30. Bf4 c5 31. Kf1 c4 32.
Ke2 g5 33. Be3 b5 $6 {This move apperas to be an inaccuracy.} (33... f4 $1 34.
Bd4 (34. Bc1 cxb3 35. axb3 Rc2+ 36. Bd2 Bc3 $19) 34... cxb3 35. Bxf6 Kxf6 36.
axb3 Rc2+ 37. Kf3 (37. Rd2 Rxd2+ 38. Kxd2 f3 $1 39. gxf3 a5 $19) 37... Rc3+ 38.
Kg4 Rxb3 39. Rd6+ Ke7 40. Rg6 Rb5 $17) 34. bxc4 Rxc4 (34... bxc4 35. Bxa7 Ra8
36. Be3 Rxa2+ 37. Rd2 Ra6 $15) 35. Bxa7 Ra4 36. Bc5 Rxa2+ 37. Kd3 Kd5 38. Bf8
f4 (38... Rxf2 $4 39. Ke3+ $18) 39. Rb1 Rxf2 40. Rxb5+ Ke6 41. Ke4 Rxg2 42.
Rb6+ Kf7 43. Bd6 Rxh2 44. Kf5 Bd8 45. Rb7+ Ke8 46. Rb4 (46. Bxf4) 46... Rd2 47.
Bxf4 gxf4 48. Rxf4 Kf7 49. Ke5+ Ke7 50. Rc4 Rh2 51. Rc6 Rh5+ 52. Ke4 Kd7 53.
Rg6 Be7 54. Kd4 Bd6 55. Rg7+ Kc6 56. Ke4 Rh4+ 57. Kf5 Kd5 58. Rg2 Rf4+ 59. Kg5
Rf8 60. Kg4 Be5 61. Ra2 Rf4+ 62. Kg5 Rf1 63. Kg4 Ke4 64. Re2+ Kd4 65. Kg5 Bf4+
66. Kg6 Be3 67. Ra2 Ke4 68. Re2 Rf3 69. Ra2 Rg3+ 70. Kf7 Bd4 71. Rh2 Rg7+ 72.
Ke6 Rg6+ 73. Ke7 Kd5 74. Rd2 Rg7+ 75. Kd8 Rh7 76. Rd1 Ke5 77. Kc8 Bc5 78. Rd7
Rh1 79. Kc7 Rc1 80. Rd3 Bd4+ 81. Kd7 Bb6 82. Rd2 Rc7+ 83. Ke8 Rh7 84. Re2+ Kf6
85. Re1 Bc7 86. Rf1+ Ke6 87. Rf7 Rh8+ 88. Rf8 Rh1 89. Rf7 Bd6 90. Re7+ Bxe7
1/2-1/2

[Event "Merida"]
[Site "Merida"]
[Date "2000.06.18"]
[Round "5"]
[White "Akopian, Vladimir Eduardovic"]
[Black "Hernandez Guerrero, Gilberto Eduardo"]
[Result "1/2-1/2"]
[WhiteElo "2660"]
[BlackElo "2560"]
[Annotator "Finkel,A"]
[PlyCount "53"]
[EventDate "2000.06.13"]
[EventType "tourn"]
[EventRounds "6"]
[EventCountry "MEX"]
[EventCategory "17"]
[SourceTitle "CBM 078"]
[Source "ChessBase"]
[SourceDate "2000.10.18"]
[SourceVersion "1"]
[SourceVersionDate "2000.10.18"]
[SourceQuality "1"]

1. d4 Nf6 2. Bg5 c5 3. Bxf6 gxf6 4. d5 Qb6 5. Qc1 f5 6. g3 Bg7 7. c3 d6 8. Nd2
Nd7 {This variation demands from black accurate play and despit of seeming
simplicity ie quiet poisonous.} (8... O-O 9. Bg2 Nd7 10. Qc2 Nf6 11. Nh3 Qc7
12. O-O Bd7 13. Rad1 b5 14. Nf4 Rab8 $13 {Hernandez,Y-Martin Gonzalez,A/
Benasque op 1997}) (8... Qc7 9. a4 Nd7 10. Bg2 Nf6 11. Nc4 Bd7 12. Qd2 h5 13.
Nf3 Ne4 14. Qe3 Bf6 15. h4 $14 {Kosic,D-Damljanovic,B/JUG-ch52 1997}) 9. Nh3
Nf6 10. Bg2 Bd7 (10... O-O 11. O-O e6 (11... e5 12. Qc2 Qa6 13. c4 Bd7 14. a4
b6 15. f3 Bh6 16. Ra3 Qc8 $13 {Armas,J-Izeta Txabarri,F/Alcobendas op 1994})
12. Nf4 Bh6 13. e3 Bd7 14. Rd1 e5 15. Ne2 Rae8 16. Qc2 Qd8 17. Nc4 Qe7 18. a4
$14 {Adams,M-Lautier,J/Paris PCA-Intel GP 1995}) (10... Qc7 11. a4 O-O 12. Nc4
Bd7 13. Qc2 e6 14. Ne3 Rae8 15. O-O Bh6 16. f4 c4 $15 {Cander,M-Podkriznik,G/
SLO-chT 1994}) 11. Qc2 (11. O-O $6 h5 12. Nf4 h4 13. gxh4 Bh6 14. e3 O-O-O 15.
Nf3 Rdg8 16. Ng5 Bxg5 $40 {James,R-Devereaux,M/GBR-chT 9798}) 11... Qa6 12. O-O
$5 {Inviting black to enter the complications with unclear consequances:} O-O {
Declining the challenge.} (12... Qxe2 $5 13. Rfe1 (13. Nf4 Qa6 14. Rfe1 Bh6 15.
Nd3 e6 $15) 13... Qa6 14. Nf3 $6 Nxd5 (14... Kf8) 15. Nh4 Nf6 (15... Bc6 16.
Nxf5 Be5 17. f4 Bf6 18. Nxd6+ Kf8 19. Ne4 $14) 16. Nxf5 Bxf5 17. Qxf5 Qb6 $15)
13. e4 $5 {This move leads almost by force to draw that's why white should've
played} (13. Nf4 e5 14. Nd3) 13... fxe4 14. Nxe4 Nxd5 $8 (14... Nxe4 $2 15.
Qxe4 e5 16. dxe6 fxe6 17. Ng5 Rf5 18. Nxe6 $18) 15. Nhg5 Bf5 $8 (15... f5 16.
Nxc5 dxc5 17. Bxd5+ e6 18. Qb3 $1 $16) 16. Rad1 e6 {Now white has to sacrifice
an exchange and to give the perpetual sooner or later.Black could try to play
for a win after} (16... Qxa2 $5 {,but in case if he would choose}) (16... Nc7
$6 {he could find hamself in troubles.} 17. g4 {[%csl Rh7][%cal Gc2h7]} Bg6 (
17... Bxg4 $2 18. Nf6+ exf6 19. Qxh7#) 18. f4 d5 (18... f5 19. Ng3 $1 e6 (19...
fxg4 20. f5 (20. Be4 $2 d5 $1 $19) 20... Be8 21. f6 {[%cal Gf6g7,Gc2h7]} Bg6
22. Be4 $1 Rxf6 23. Rxf6 exf6 24. Bxg6 hxg6 25. Qxg6 $1 fxg5 26. Nf5 $18) 20.
gxf5 exf5 21. h4 {[%csl Ra6,Rc7]} h6 22. h5 Be8 23. Nxf5 hxg5 24. Rxd6 Qxa2 25.
fxg5 $1 $40) 19. f5 dxe4 20. fxg6 Qxg6 21. h4 f5 22. gxf5 Rxf5 23. Bxe4 Rxg5+
24. hxg5 Qxg5+ 25. Bg2 $16) 17. Rxd5 $8 exd5 18. Nf6+ Bxf6 19. Qxf5 Bxg5 20.
Qxg5+ Kh8 21. Qf6+ Kg8 22. Rd1 $5 (22. Bxd5 $6 Qd3 $1 $15) 22... Rae8 23. Bf1 (
23. Bxd5 Re5 $1 24. c4 Qa4 25. b3 Qxa2) 23... Qc6 24. Qg5+ Kh8 25. Qf6+ Kg8 26.
Bh3 Qa4 $1 {Accurate defensive move after which white has nno choice,but to
force a draw.} 27. Qg5+ (27. b3 Qe4 28. Bf5 Qe5 $19) (27. Rxd5 Re1+ 28. Bf1
Rxf1+ 29. Kxf1 Qc4+ $19) 1/2-1/2

[Event "Aarhus GM"]
[Site "Aarhus"]
[Date "2003.07.28"]
[Round "2"]
[White "Berg, Klaus"]
[Black "Stefansson, Hannes"]
[Result "0-1"]
[WhiteElo "2439"]
[BlackElo "2560"]
[Annotator "Finkel,A"]
[PlyCount "76"]
[EventDate "2003.07.27"]
[EventType "tourn"]
[EventRounds "9"]
[EventCountry "DEN"]
[EventCategory "9"]
[SourceTitle "CBM 097"]
[Source "ChessBase"]
[SourceDate "2003.11.11"]
[SourceVersion "1"]
[SourceVersionDate "2003.11.11"]
[SourceQuality "1"]

1. d4 Nf6 2. Bg5 e6 3. e4 h6 4. Bxf6 Qxf6 5. Nc3 d6 6. Qd2 c6 $5 7. O-O-O e5 8.
g3 (8. dxe5 dxe5 9. Nf3 Be7 10. Bc4 O-O 11. Kb1 Nd7 12. Ne2 b5 13. Bd3 a5 $15 {
Dunworth,C-Dive,R/London 1994}) (8. d5 c5 9. h4 g6 10. g3 h5 11. Kb1 a6 12. Nh3
b5 13. Ng5 Nd7 $132 {Romero Holmes,A-Suarez Pousa,D/Spain 1995}) (8. Nf3 Be7 (
8... Bg4 9. dxe5 (9. Be2 Be7 10. h4 Bxf3 11. Bxf3 exd4 12. Ne2 Qe6 13. Kb1 Qe5
14. Nxd4 Bf6 15. c3 $14 {Bellon Lopez,J-Merino Garcia,R/Vila Real 2001}) 9...
dxe5 10. Be2 Bxf3 11. Bxf3 Bc5 12. Kb1 O-O 13. h4 Na6 $13 {Botsari,A-Kalesis,N/
Athens 1996}) (8... Nd7 9. dxe5 Nxe5 10. Nxe5 Qxe5 11. f4 Qa5 12. Kb1 Bg4 13.
Be2 Bxe2 14. Qxe2 $14 {Gonzalez de la Nava,A-Perez Fungueiro,M/Vila Real 2001})
9. Kb1 O-O (9... Nd7 10. Ne2 Nf8 11. Qa5 Ng6 12. Ng3 Bd8 13. Qc3 O-O $13 {
Summerscale,A-Knezevic,B/Cannes 1996}) (9... a6 10. Be2 b5 11. h4 Nd7 12. Qe3
Rb8 13. g4 Nb6 14. g5 Qf4 15. Qxf4 exf4 16. Rdg1 $16 {Hall,J-Van Wely,L/
Germany 2001}) 10. Be2 b5 11. Qe3 Bg4 12. h3 Bxf3 13. Bxf3 exd4 14. Qxd4 Qxd4
15. Rxd4 Nd7 $11 {Ovsejevitsch,S-Belichev,N/Yalta 1995}) 8... exd4 $1 {Very
strong move solving all black's problems, even though i'm not quite sure he
had any.} (8... Nd7 9. f4 exd4 10. Qxd4 Qxd4 11. Rxd4 Nb6 12. Nf3 Bd7 13. Bg2
O-O-O 14. Nd2 Be7 15. Rd3 Rhe8 $13 {Vasilev,M-Zoler,D/Golden Sands 2000}) (8...
Be7 9. f4 exd4 10. Qxd4 Qxd4 11. Rxd4 Nd7 12. Bh3 O-O 13. Nf3 Re8 14. Rdd1 {
1/2-1/2 Kovacevic,B-Cvitan,O/Zadar 2001/CBM 85 ext (14)}) 9. Qxd4 Qxd4 10. Rxd4
Be7 11. Bh3 Bxh3 12. Nxh3 Nd7 13. f4 $6 {White pawn on e4 is much weaker than
the black one on d6 so deserved attention something less commiting} (13. Nf4
O-O-O 14. Rhd1 Rhe8 $15) 13... O-O-O 14. Nf2 Nc5 15. Rhd1 Kc7 {[%csl Re4]} 16.
b4 $6 Nd7 17. Ng4 $6 (17. Rc4 Kb8) 17... Rhe8 $17 {It's interesting that white
got himself in deep troubles without blundering a thing in he position where
the draw seemed he most likely result after the opening.} 18. Ne3 {[%cal Ge3c4,
Ge3f5]} Nb6 {[%cal Ge7f6]} (18... Bf6 $5 19. Nf5 (19. R4d3 Bxc3 20. Rxc3 Rxe4
21. Nf5 Nf6 22. Nxg7 Rxb4 $17) 19... Bxd4 20. Rxd4 g6 21. Nxd6 Re7 $17) 19. Nf5
Bf6 20. e5 (20. R4d3 Bxc3 21. Rxc3 Rxe4 $17) 20... dxe5 21. Rxd8 Rxd8 22. Rxd8
Kxd8 23. Ne4 exf4 24. gxf4 (24. Nxf6 fxg3 25. hxg3 gxf6 26. Nxh6 Ke7 27. Kd2
Ke6 $17) 24... Nd5 25. Nxf6 Nxf6 26. Nxg7 Kd7 27. c4 (27. Nf5 h5 28. c4 b5 29.
cxb5 cxb5) 27... Ng4 28. h3 (28. Nf5 Ke6 29. Nd4+ Kf6 30. Nb3 Nxh2 31. Na5 Nf3
32. Kd1 Kf5 33. Nxb7 Kxf4 34. b5 cxb5 35. cxb5 h5 $19) 28... Ne3 29. c5 Nd5 $19
30. Nf5 Nxf4 31. Nxh6 Ke6 32. Ng4 (32. h4 f5 33. Kd2 Kf6 $19) 32... Nxh3 33.
Kd2 Nf4 34. Kc3 f5 35. Nf2 Kd5 36. Nd1 Ke4 37. Nb2 Nd5+ 38. Kb3 f4 0-1

[Event "Yerevan zt 1.5"]
[Site "Yerevan"]
[Date "2000.06.12"]
[Round "6"]
[White "Lputian, Smbat G"]
[Black "Khachiyan, Melikset"]
[Result "1-0"]
[WhiteElo "2605"]
[BlackElo "2462"]
[Annotator "Finkel,A"]
[PlyCount "81"]
[EventDate "2000.06.07"]
[EventType "swiss"]
[EventRounds "9"]
[EventCountry "ARM"]
[SourceTitle "CBM 078"]
[Source "ChessBase"]
[SourceDate "2000.10.18"]
[SourceVersion "1"]
[SourceVersionDate "2000.10.18"]
[SourceQuality "1"]

1. d4 Nf6 2. Bg5 e6 3. e3 h6 4. Bh4 b6 (4... g5 5. Bg3 d6 6. Bd3 Bg7 7. Nd2 Nc6
8. c3 Bd7 9. h4 g4 10. h5 Qe7 $132 {Peltonen,B-Johansson,J/Karhula We KarhTS
1997}) (4... Be7 5. Nd2 b6 6. Ngf3 Bb7 7. Bd3 g5 8. Bg3 g4 9. Ne5 h5 10. Rg1 d6
11. Nec4 Nc6 $15 {Agababian,N-Sheremetieva,M/Timisoara-W 1994}) (4... c5) 5. c4
$5 {The idea behind this move is very simple and at the same time quiet
unpleasent for black-if black doesn't play queens gambit white may wait with
development of knight g1 and sometimes to play f4;that's exactly what happened
in the following game.} (5. f4 Bb7 6. Nf3 Be7 7. Bd3 c5 8. O-O Nc6 9. c3 Qc7
10. Ne5 d6 11. Nxc6 Bxc6 12. Qe2 Ne4 $11 {Inngauer,W-Kaeppel,R/OL9495}) (5. Nf3
Bb7 6. Bd3 c5 7. O-O Be7 8. Nbd2 cxd4 9. exd4 O-O 10. Re1 Nh5 11. Bxe7 Qxe7 12.
c3 d6 13. Ne4 Nd7 14. Qd2 $14 {Giessmann,S-Kraft,H/LL-N9495}) 5... g5 (5... d5)
6. Bg3 Ne4 7. Nc3 Nxg3 8. hxg3 Bg7 9. f4 $5 {This move doesn't lead to clear
advantage of white,but now the character of the game is different from main
lines,which are convinient for black.} Bb7 (9... c5 10. d5 (10. Nf3 cxd4 11.
Nxd4 (11. exd4 Bb7 12. Qd2 gxf4 13. gxf4 Bxf3 14. gxf3 Nc6 $15) 11... Bb7 12.
Qd2 Na6 $132) 10... Bxc3+ 11. bxc3 Qf6 12. Qd3 d6 13. Nf3 g4 14. Nd2 e5 15. Be2
$14) 10. Nf3 d5 $6 (10... f5 $5) 11. cxd5 exd5 12. Ne5 c6 (12... Nd7 13. Qa4 (
13. Bb5 Bxe5 14. dxe5 c6 15. Be2 Qe7 16. Rc1 f6 $132) 13... Bxe5 14. dxe5 c6
15. Qd4 Nc5 16. e6 Rh7 17. exf7+ Kxf7 18. Bd3 $36) 13. e4 Nd7 $6 {White
already has quiet significient advantage,but after the move in the game black
is just in deep troubles.} (13... dxe4 14. Bc4 Bxe5 15. dxe5 Qxd1+ 16. Rxd1
gxf4 17. gxf4 e3 18. Ke2 $14) 14. exd5 Qe7 15. Qf3 cxd5 (15... Rc8 16. Bc4 c5
17. Bb5 Rd8 18. d6 $1 $18) 16. Bb5 O-O-O 17. Nxd5 $5 {This move demands from
white accurate clculation,but it is working.} Qd6 (17... Bxd5 18. Qxd5 Qb4+ 19.
Kf1 Nxe5 20. Ba6+ Kc7 21. Rc1+ $18) (17... Qe6 18. Rc1+ Kb8 19. Nc7 $1 Qxa2 20.
Nc6+ Kc8 21. Na6 $1 $18) 18. Rc1+ Nc5 $2 {Losing move.It was neccecary to play}
(18... Kb8 $1 19. Nc6+ Bxc6 20. Rxc6 Rhe8+ 21. Kf1 Ne5 $1 22. dxe5 Qxd5 23.
Qxd5 (23. Rxb6+ $4 axb6 24. Qxd5 Rxd5 25. Bxe8 Rd1+ $19) 23... Rxd5 24. Be2 Rd2
$14 {and despite of lack of pawn black has good chanses of survival.}) 19. dxc5
Qxd5 20. cxb6+ Kb8 21. bxa7+ Kxa7 22. Qxd5 (22. Qe3+ Kb8 23. Bc6 Qa5+ 24. Rc3
Qxa2 (24... Bxe5 25. Qxe5+ Qxe5+ 26. fxe5 Bxc6 27. Rxc6 Rd5 28. Rhxh6 $18) 25.
Rb3 Qb1+ 26. Kf2 Qc2+ 27. Kf3 $18) 22... Rxd5 23. Bc6 Ra5 24. O-O Rxa2 25. Bxb7
Kxb7 26. Nxf7 $18 {The endgame is easily winnning for white and Lputian proves
it in nice style.} Rg8 (26... Rf8 27. Nd6+ Kb8 28. fxg5 Bd4+ 29. Kh2 Rxf1 30.
Rxf1 hxg5 31. Rf8+ Kc7 32. Nb5+ $18) 27. Rc2 Bd4+ 28. Kh2 g4 29. Rd1 Bb6 30.
Nd6+ Kb8 31. Rc6 Ba7 (31... Bc7 32. Nb5 Bd8 33. Rd7 Rxb2 34. Nd6 Ba5 35. Nc4
$18) 32. Rdc1 {[%csl Rc8]} Be3 33. R1c3 Bf2 34. Rb3+ Ka8 35. Rc2 Ba7 36. Nb5
Bb8 37. Nc7+ Ka7 38. Rc4 h5 39. Rcb4 Bxc7 40. Rb7+ Ka6 41. Rxc7 1-0

[Event "EU-chT (Men) 14th"]
[Site "Plovdiv"]
[Date "2003.10.17"]
[Round "6.4"]
[White "Gustafsson, Jan"]
[Black "Eljanov, Pavel"]
[Result "1/2-1/2"]
[WhiteElo "2571"]
[BlackElo "2597"]
[Annotator "Finkel,A"]
[PlyCount "66"]
[EventDate "2003.10.10"]
[EventType "team-swiss"]
[EventRounds "9"]
[EventCountry "BUL"]
[SourceTitle "CBM 098"]
[Source "ChessBase"]
[SourceDate "2004.02.03"]
[SourceVersion "1"]
[SourceVersionDate "2004.02.03"]
[SourceQuality "1"]
[WhiteTeam "Germany"]
[BlackTeam "Ukraine"]
[WhiteTeamCountry "GER"]
[BlackTeamCountry "UKR"]

1. d4 Nf6 2. Bg5 Ne4 3. Bf4 c5 4. f3 Qa5+ 5. c3 Nf6 6. d5 Qb6 7. Bc1 (7. Qd2 $2
Nxd5 $1) (7. b3 $5) 7... e6 8. c4 exd5 (8... Qa5+ 9. Bd2 Qc7 10. Nc3 Bd6 11. e4
a6 12. Bd3 exd5 13. exd5 O-O 14. Nge2 Re8 15. a4 Bxh2 16. Qc2 g6 17. O-O-O Bd6
18. g4 $40 {Orr,M-McShane,L/Kilkenny 1997/CBM 61}) (8... g6 9. e4 d6 10. Nc3 e5
11. Rb1 Bg7 $14 {Lindberg,B-Llobel Cortell,E/Oropesa del Mar 2000}) (8... Qb4+
$5 9. Nc3 (9. Bd2 Qxb2 (9... Qxc4 10. e4 Qd4 11. Nc3 exd5 12. Nge2 Qe5 13. Bf4
Qe6 14. exd5 Qb6 15. d6 $14 {Pixton,A-Yefimenko,Z/Oropesa del Mar ESP 2001})
10. Nc3 Qb6 11. e4 e5 12. Rb1 Qd8 $15) 9... Qxc4 10. e4 Qb4 11. Bd2 Qb6 12. Bc4
d6 13. Nge2 Be7 {Agdestein,S-Bacrot,E/Germany 2001/CBM 82}) (8... Bd6 $1 9. Nc3
O-O 10. e4 Be5 11. Bd3 Bxc3+ $13 {Knaak,R-Wells,P/Germany 1998/GER-chT}) 9.
cxd5 Bd6 $6 {This move looks too odd to be strong! Black is ready to lose a
couple of tempi with the bishop just to lose a couple more!} (9... d6 10. Nc3 (
10. e4 g6 11. Na3 $5 Nbd7 12. Nc4 Qc7 13. a4 Nb6 14. Na3 $14) 10... g6 11. Bg5
Bg7 12. Qd2 O-O 13. e4 Re8 14. h4 h5 15. Be2 a6 16. Nh3 Bxh3 17. Rxh3 Nbd7 18.
Kf1 Qc7 $132 {Kanep,M-Volokitin,A/Oropesa del Mar 2000}) 10. e4 (10. Nc3 Be5 (
10... Qc7 11. Nh3 Bxh2 12. e4 Bg3+ 13. Nf2 d6 14. Be3 Nbd7 15. f4 Nf8 16. Qf3
$44 {Kanep,M-Berzinsh,R/Tampere 2002}) 11. e3 (11. e4 O-O 12. Nge2 d6 13. Na4
Qa5+ 14. Bd2 Qd8 15. Qc2 Re8 16. Nac3 Qe7 $132) 11... O-O 12. Bc4 d6 13. Nge2
Nbd7 14. O-O Qb4 15. Bd3 c4 16. Bc2 Qc5 $13 {Rippis,T-Weeks,M/Sydney 1999})
10... Be5 11. Nd2 Qa5 12. Ne2 c4 $6 13. Nc3 {White has so many ways to
advantage that it's quite difficult task to choose the best one.} (13. f4 $5
Ng4 $8 (13... Bc7 $2 14. Nc3 b5 15. e5 $16) 14. Nc3 (14. fxe5 $2 Ne3 15. Nc3
Nxd1 16. Nxc4 Qb4 $1 (16... Qd8 17. Nd6+ Kf8 18. Nxd1 b6 19. Bd3) 17. Nd6+ Kf8
18. a3 Qd4 19. Nxd1 Qxe5 20. Nxc8 Na6 $19) 14... Ne3 (14... Bxc3 15. Qxg4 $16)
15. Qf3 (15. Nxc4 $5 Bxc3+ 16. bxc3 Nxc4 17. Qd4 b5 18. Bxc4 bxc4 19. Qxg7 $36)
15... Nc2+ 16. Kd1 Nxa1 (16... Bxc3 17. Nxc4 $16) 17. fxe5 b5 18. Qg3 $36)
13... b5 14. a4 Ba6 15. Rb1 (15. f4 Bd4 (15... Bxc3 $6 16. bxc3 Qxc3 17. Ra3
Qb4 18. axb5 Bxb5 19. Bxc4 Bxc4 20. Ra4 Qe7 21. Rxc4 $16) 16. e5 Bxc3 17. bxc3
Nxd5 18. Ne4 Nxc3 19. Qd2 b4 20. Nd6+ Kf8 21. Bb2 $44) 15... bxa4 16. Ra1 $5 ({
Not so bad was also} 16. Bxc4 $5 O-O 17. Ra1 Bxc4 18. Rxa4 Bxc3 19. bxc3 Qxc3
20. Rxc4 Qe3+ 21. Qe2 $16) 16... Qc7 17. g3 $1 O-O 18. Rxa4 d6 19. Nxc4 (19.
Bxc4) 19... Bxc4 20. Rxc4 Qb7 21. Na4 $6 (21. Bg2 Nbd7 22. O-O Rac8 23. Rxc8
Rxc8 24. Qe2 $16) 21... Nfd7 22. Qc2 Na6 23. f4 Bf6 24. Be2 $6 Nb6 25. Nxb6
Qxb6 26. Kf1 $6 (26. Bd2 $1 {[%csl Gb4]} Rab8 27. b4 $1 $16 (27. Rc6 $2 Nb4 $1
28. Bxb4 Qxb4+ $11)) 26... Nb4 27. Qa4 Rfc8 28. Rxb4 $2 {Only this move is a
mistake depriving white winning chances.} (28. b3 Rxc4 29. bxc4 Bc3 30. Kg2 Qd4
31. Kf3 $1 $16) 28... Rxc1+ 29. Kg2 Qe3 $1 $11 30. Rxc1 Qxe2+ 31. Kh3 (31. Kh1
Qf3+ 32. Kg1 Qe3+ $19) 31... Qh5+ 32. Kg2 Qe2+ 33. Kh3 Qh5+ 1/2-1/2